Loading...
Chemical kinetics
| Main Author: | |
|---|---|
| Format: | Printed Book |
| Published: |
New York, Harper & Row
1987
|
| Edition: | Ed.3 |
| Subjects: |
| LEADER | 005070000a22001690004500 | ||
|---|---|---|---|
| 020 | |a 0-06-043862-2 | ||
| 082 | |a 541.394 L3;M7;1 | ||
| 100 | |a Laidler, Keith J; Author | ||
| 245 | |a Chemical kinetics | ||
| 250 | |a Ed.3 | ||
| 260 | |a New York, Harper & Row | ||
| 260 | |c 1987 | ||
| 465 | |a D 8 | ||
| 650 | |a Chemical reaction | ||
| 942 | |c BK | ||
| 999 | |c 10015 |d 10015 | ||
| 952 | |0 0 |1 0 |4 0 |6 541_394000000000000_L3M71 |7 0 |8 ENG |9 9810 |a MGUL |b MGUL |d 2013-07-16 |e D 8 |l 2 |o 541.394 L3;M7;1 |p 05917 |r 2017-01-12 |s 2016-12-20 |w 2013-07-16 |y BK | ||